000 01188cam a2200325 i 4500
001 44444
003 Mx-PuUPA
005 20211014163158.0
008 140415s2001 sp a r 000 0 spa d
020 _a847485475X
040 _aMX-PuUPA
_bspa
_erda
_cMx-PuUPA
_dMx-PuUPA
041 0 _aspa
245 1 0 _aDiccionario interdisciplinar de hermenéutica /
_cdirigido por Andrés Ortiz Osés y Patxi Lanceros ; autor, HG. Gadamer [y otros 20].
246 3 4 _aDiccionario interdisciplinar de hermenéutica :
_buna obra interdisciplinar para las ciencias humanas.
250 _a3a edición /
_brevisada
264 1 _aBilbao :
_bUniversidad de Deusto,
_c2001
300 _a862 páginas :
_bilustraciones ;
_c22 cm.
336 _atexto
_2rdacontent
_btxt
337 _asin medio
_2rdamedia
_bn
338 _avolumen
_2rdacarrier
_bnc
490 0 _aFilosofía ;
_v26
650 4 _aHermenéutica
_vDiccionarios
650 4 _aHermenéutica (Filosofía)
700 1 _aOrtiz-Osés, Andrés,
_edirector
700 1 _aLanceros, Patxi,
_edirector
700 1 _aGadamer, HG.,
_eautor
942 _2ddc
_cLI
_h121.68603
_iD545
999 _c44444
_d44444